[Event "FRA-chT2 0405"]
[Site "France"]
[Date "2005.01.08"]
[Round "5.8"]
[White "Murie, Eric"]
[Black "Hardy, Emmanuel"]
[Result "1-0"]
[WhiteElo "2052"]
[BlackElo "1750"]
[PlyCount "133"]
[EventDate "2004.10.10"]
[EventType "team"]
[EventRounds "11"]
[EventCountry "FRA"]
[SourceTitle "EXT 2006"]
[Source "ChessBase"]
[SourceDate "2005.11.24"]
[SourceVersion "1"]
[SourceVersionDate "2005.11.24"]
[SourceQuality "1"]
[WhiteTeam "Nantes"]
[BlackTeam "Checy"]
[WhiteTeamCountry "FRA"]
[BlackTeamCountry "FRA"]

1. e4 d5 2. exd5 Qxd5 3. Nc3 Qa5 4. Bc4 Nf6 5. Nf3 Bg4 6. d3 e5 7. Bd2 Qb6 8. Bxf7+ Kxf7 9. Nxe5+ Kg8 10. Nxg4 Qe6+ 11. Ne3 Nc6 12. 0-0 Bd6 13. Re1 Qd7 14. Ne4 Nxe4 15. dxe4 Qe6 16. Nf5 Be5 17. Bc3 Bxc3 18. bxc3 Rd8 19. Qg4 Qf6 20. f4 g6 21. Rad1 Kf7 22. Nh6+ Kg7 23. e5 Nxe5 24. Rxe5 Rxd1+ 25. Qxd1 Kxh6 26. Qf3 Rd8 27. h3 Rd2 28. Qe3 Qb6 29. Qxb6 cxb6 30. Re7 Rxc2 31. g4 g5 32. Re6+ Kg7 33. fxg5 Rxc3 34. Kg2 Rc2+ 35. Kf3 Rxa2 36. Re7+ Kg6 37. Kg3 Ra5 38. Rxb7 Rxg5 39. Rxa7 Rb5 40. Ra8 Ra5 41. Rg8+ Kf7 42. Rb8 Rb5 43. g5 Kg6 44. Rg8+ Kf7 45. Rc8 Re5 46. Kh4 Re6 47. Rb8 Kg7 48. Rb7+ Kg8 49. Kg4 Rc6 50. h4 Kh8 51. h5 Kg8 52. h6 Rd6 53. Rb8+ Kf7 54. Rh8 b5 55. Rxh7+ Kg8 56. Rb7 Rd4+ 57. Kf5 Rd5+ 58. Kf6 Rd6+ 59. Ke5 Rg6 60. Kf5 Rd6 61. Rxb5 Rd8 62. g6 Re8 63. Rb7 Rd8 64. Ke6 Rc8 65. Ke7 Kh8 66. Rd7 Rf8 67. g7+ 1-0

[Event "Orleans op"]
[Site "Orleans"]
[Date "2004.??.??"]
[Round "2"]
[White "Hardy, Emmanuel"]
[Black "Beneteau, Hubert"]
[Result "0-1"]
[WhiteElo "1740"]
[BlackElo "2101"]
[PlyCount "80"]
[EventDate "2004.12.??"]
[EventType "swiss"]
[EventRounds "9"]
[EventCountry "FRA"]
[SourceTitle "EXT 2007"]
[Source "ChessBase"]
[SourceDate "2006.11.23"]
[SourceVersion "1"]
[SourceVersionDate "2006.11.23"]
[SourceQuality "1"]

1. e4 c5 2. Nc3 e6 3. Bc4 a6 4. a4 b6 5. f4 Bb7 6. d3 Nf6 7. Nf3 d5 8. e5 dxc4 9. exf6 gxf6 10. dxc4 Qxd1+ 11. Nxd1 Bxf3 12. gxf3 Nc6 13. Kf2 Rg8 14. Ne3 f5 15. Bd2 Bg7 16. c3 0-0-0 17. Rad1 Bh6 18. Ng2 Na5 19. b4 Nxc4 20. Be3 Nxe3 21. Nxe3 Bxf4 22. Nc4 cxb4 23. cxb4 Kb7 24. h3 b5 25. axb5 axb5 26. Na3 Kc6 27. Nc2 Ra8 28. Nd4+ Kb6 29. Ne2 Ra2 30. Rd7 Bg3+ 31. Ke3 Kc6 32. Rhd1 Ra3+ 33. R1d3 Rxd3+ 34. Rxd3 Be5 35. h4 Bf6 36. Ra3 Kb6 37. Rd3 Rd8 38. Rxd8 Bxd8 39. Kf4 Bxh4 40. Nd4 Bf6 0-1

[Event "Orleans op"]
[Site "Orleans"]
[Date "2004.??.??"]
[Round "4"]
[White "Hardy, Emmanuel"]
[Black "Riverais, Gerald"]
[Result "0-1"]
[WhiteElo "1740"]
[BlackElo "2054"]
[PlyCount "104"]
[EventDate "2004.12.??"]
[EventType "swiss"]
[EventRounds "9"]
[EventCountry "FRA"]
[SourceTitle "EXT 2007"]
[Source "ChessBase"]
[SourceDate "2006.11.23"]
[SourceVersion "1"]
[SourceVersionDate "2006.11.23"]
[SourceQuality "1"]

1. e4 c5 2. Nc3 Nc6 3. f4 a6 4. Nf3 d6 5. a4 g6 6. Bc4 Bg7 7. d3 e6 8. 0-0 Nge7 9. Qe1 Nd4 10. Nxd4 cxd4 11. Ne2 0-0 12. Ng3 d5 13. Bb3 Bd7 14. f5 exf5 15. exf5 Nxf5 16. Bxd5 Ne3 17. Bxe3 dxe3 18. Qxe3 Bc6 19. c4 Bxd5 20. cxd5 Qxd5 21. Qd2 Rad8 22. Rad1 Rd7 23. Kh1 Qb3 24. Ne4 Qxb2 25. Qxb2 Bxb2 26. Rb1 Bd4 27. h3 Kg7 28. Rfe1 h6 29. Re2 Rc8 30. Rb3 Re7 31. Kh2 Rc1 32. Nc3 Rxe2 33. Nxe2 Be5+ 34. Ng3 Rc3 35. Rxc3 Bxc3 36. Ne4 Be5+ 37. g3 b5 38. Nc5 bxa4 39. Nxa4 Kf6 40. Kg2 Bd4 41. Kf3 Ke5 42. Ke2 f5 43. Kf3 g5 44. g4 f4 45. Ke2 Kd5 46. Kf3 a5 47. h4 gxh4 48. Kxf4 h3 49. Kg3 Kc6 50. Kxh3 Kb5 51. Kg2 Kxa4 52. Kf1 Kb3 0-1